000 00389nam a2200169Ia 4500
003 IT-RoPAU
008 120407s9999 xx 000 0 und d
040 _aIT-RoPAU
040 _cIT-RoPAU
100 _aViktor Schurr
245 _aTeologia della predicazione
260 _aEdizioni Paoline
300 _c cm
490 _v1
600 _acollana Pastorale - Magisterium
942 _cBK
999 _c5507
_d5507